Epoxidised natural rubber as a coupling agent in in situ precipitated silica-natural rubber composites (Record no. 58733)

MARC details
000 -LEADER
fixed length control field 01469nam a2200265Ia 4500
100 ## - MAIN ENTRY--AUTHOR NAME
Personal name Maya K S
245 #0 - TITLE STATEMENT
Title Epoxidised natural rubber as a coupling agent in in situ precipitated silica-natural rubber composites
260 ## - PUBLICATION, DISTRIBUTION, ETC. (IMPRINT)
Name of publisher Journal of Rubber Research
Year of publication 2006
300 ## - PHYSICAL DESCRIPTION
Number of Pages 204-216
520 ## - SUMMARY, ETC.
Summary, etc Natural rubber (NR) compounds were prepared with in situ precipitated silica in the presence of epoxidised natural rubber (ENR) as a coupling agent. In situ silica masterbatches were prepared from NR latex along with ENR. For this, NR latex was mixed with a suitable amount of ENR latex and precipitation of silica was carried out using sodium silicate and ammonium chloride. Compounds were prepared with these masterbatches. The mechanical properties of the vulcanisates were compared with two reference compounds prepared from NR and commercially available silica with and without a silane-coupling agent Si-69@. The NR-silica composites prepared with ENR as the coupling agent showed better mechanical properties and improved rubber-filler interaction.
650 ## - SUBJECT ADDED ENTRY--TOPICAL TERM
Topical Term Ammonium chloride
650 ## - SUBJECT ADDED ENTRY--TOPICAL TERM
Topical Term Composites
650 ## - SUBJECT ADDED ENTRY--TOPICAL TERM
Topical Term Epoxidised NR
650 ## - SUBJECT ADDED ENTRY--TOPICAL TERM
Topical Term Mechanical properties
650 ## - SUBJECT ADDED ENTRY--TOPICAL TERM
Topical Term NR latex
650 ## - SUBJECT ADDED ENTRY--TOPICAL TERM
Topical Term Rubber-filler interaction
650 ## - SUBJECT ADDED ENTRY--TOPICAL TERM
Topical Term Si-69
650 ## - SUBJECT ADDED ENTRY--TOPICAL TERM
Topical Term Silica
650 ## - SUBJECT ADDED ENTRY--TOPICAL TERM
Topical Term Sodium silicate
700 ## - ADDED ENTRY--PERSONAL NAME
Personal name George B
700 ## - ADDED ENTRY--PERSONAL NAME
Personal name Rani Joseph
700 ## - ADDED ENTRY--PERSONAL NAME
Personal name Varkey J K
942 ## - ADDED ENTRY ELEMENTS (KOHA)
Koha item type Journals
Holdings
Withdrawn status Lost status Damaged status Not for loan Home library Current library Shelving location Date acquired Serial Enumeration / chronology Koha item type
      Journals RRII Library RRII Library Rubber chemistry 01/01/2021 Volume 9, Issue 4 Journals